| 000 | 00443nam a22001697a 4500 | ||
|---|---|---|---|
| 003 | BDDh-ASL | ||
| 005 | 20231015031023.0 | ||
| 008 | 220926s1885 ii ||||| |||| 00| 0 urd d | ||
| 040 |
_aBDDh-ASL _cBDDh-ASL |
||
| 041 | _aurd | ||
| 082 |
_a297 _bZAW |
||
| 245 | 0 | 0 | _aZawajir-e Hindi : / زواجر ہندی |
| 260 |
_aKanpur : _bAhmadi Press , _c1885/1307 H. |
||
| 300 |
_a156 p. : _c24 cm. |
||
| 650 | 0 |
_91652 _aIslam |
|
| 942 |
_2ddc _cBK |
||
| 999 |
_c29325 _d29325 |
||